| 000 | 00636nam a2200205Ia 4500 | ||
|---|---|---|---|
| 001 | L110-780 | ||
| 003 | IT-CnALBA | ||
| 008 | 170116s9999||||xx |||||||||||||| ||und|| | ||
| 040 |
_aIT-CnALBA _cIT-CnALBA |
||
| 041 | _aFRANCESE | ||
| 100 | _aDE CONINCK ANTOINE | ||
| 245 | 0 | _aLE PRINCIPE DE RISON D'ETRE EST-IL SINTETIQUE? | |
| 250 | _a1a ed. | ||
| 260 |
_bEDITIONS DE L'IST. SUP. PHILOSOPH. LOUV' _c1948 [1° Ed.: n.d.] |
||
| 300 | _a40 p. | ||
| 501 | _aSocietà San Paolo EM - Piazza San Paolo, 14 - 12051 ALBA (CN) (non commercial uses only) ® Copyright 2017 | ||
| 650 | _aMETAFISICA | ||
| 942 | _cBK | ||
| 957 | _71 | ||
| 999 |
_a878 _bSI _g Copie: 1 _c260015 _d260015 |
||